Raúl Ruiz Potencias de lo múltiple.

محفوظ في:
التفاصيل البيبلوغرافية
المؤلف الرئيسي: Albornoz, Ignacio (coordinador)
مؤلفون آخرون: Pinto, Iván (compilador)
التنسيق: غير معروف
منشور في: Santiago, Chile: ediciones / metales pesados 2023.
سلاسل:Colección La Fuga
الموضوعات:
الوسوم: إضافة وسم
لا توجد وسوم, كن أول من يضع وسما على هذه التسجيلة!

MARC

LEADER 00000 a2200000 4500
003 CL-VaPUC
005 20230912110400.0
008 230714t2023 ||||| |||| 00| 0 eng d
999 |c 441336  |d 441334 
020 |a 978-956-6203-29-2 
040 |c Pontificia Universidad Católica de Valparaíso 
082 0 4 |2 22  |a 791.4309 ALB 2023 
100 1 |a Albornoz, Ignacio  |9 883631  |e coordinador 
245 1 0 |a Raúl Ruiz Potencias de lo múltiple. 
260 |a Santiago, Chile:  |b ediciones / metales pesados  |c 2023. 
300 |a 377 páginas. 
490 0 |a Colección La Fuga 
583 |k GC  |c 20230714 
600 |a Ruiz Pino, Raúl   |d 1941-2011  |x Crítica e interpretación  |9 883923 
650 1 |a Cineastas chilenos  |x Ensayos  |9 883924 
700 |a Pinto, Iván  |e compilador  |9 883739 
942 |2 ddc  |c BK 
952 |0 0  |1 0  |2 ddc  |4 0  |6 791_430900000000000_ALB_2023  |7 0  |8 A  |9 590838  |a BIBART  |b FDOSRS  |d 2023-07-11  |e 135  |g 18900.00  |i 5658036  |o 791.4309 ALB 2023  |p 5658036  |r 2023-07-11  |t 1  |v 18900.00  |w 2023-07-11  |y BK  |k ART